000
002460000a22000970004500
100
1
_a
Kinsler, F. Ross
245
1
0
_a
Educación teológica para la paz
300
_a
Vol. 8, Num 1 (1988), Páginas 38-44
773
0
_t
Vida y pensamiento
942
_c
ANA
999
_c
52834
_d
52834